History of Islamic philosophy /

Bibliographic Details
Other Authors: Leaman, Nasr
Format: Book
Published: London: Routledge, 1996.
Series:Routledge History of World Philosophies IV vol. 1
Subjects:
LEADER 00851cam a2200253 7i4500
001 0000004924
005 20151104090000.0
005 ##20151104104900.0
003 ##MY-KlINT
020 # # |a 041513160X (partII)  
020 # # |a 0415131596 (part I)  
020 # # |a 0415056675 (Set)  
039 # 9 |y 201511041049  |z VLOAD 
090 0 0 |a 297.261   |b HIS 
245 0 0 |a History of Islamic philosophy /   |c edited by Seyyed Hossein Nasr and Oliver Leaman. 
260 # # |a London:   |b Routledge,   |c 1996. 
300 # # |a 2 Volume (xx, 1211 p.);   |c 23cm. 
490 0 # |a Routledge History of World Philosophies IV vol. 1 
500 # # |a Includes bibliographical references. 
650 # 0 |a Philosophy, Islamic  
700 0 # |a Leaman,   |h Oliver  
700 0 # |a Nasr,   |h Seyyed Hossein.  
999 |a 0000056582  |b BOOK  |c Main Non-Fiction  |e INTAN BK 
999 |a 0000056583  |b BOOK  |c Main Non-Fiction  |e INTAN BK